[Event "Goldmoney Asian Rapid Prelims 2021"]
[Site "Chess24"]
[Date "2021.06.24"]
[Round "1.1"]
[White "Adhiban, B.."]
[Black "Aronian, Levon"]
[Result "0-1"]
[WhiteElo "2660"]
[BlackElo "2781"]
[Annotator "TA"]
[PlyCount "92"]
[EventDate "2021.06.26"]
[EventType "tourn"]
[EventCountry "NET"]
[Tiebreak "Koya+Number of black wins+Number of wins"]
[SourceTitle "playchess.com"]
[Source "ChessBase"]
[SourceQuality "1"]

{[%evp 9,92,-24,-18,-21,-10,-64,-69,-106,-97,-114,-125,-104,-94,-111,-71,-72,
-54,-82,-68,-52,-58,-89,-95,-170,-171,-171,-164,-164,-158,-155,-127,-125,-35,
-151,-148,-142,-71,-226,-217,-227,-225,-217,-218,-198,-191,-208,-204,-292,-303,
-275,-185,-175,-177,-170,-164,-177,-187,-183,-174,-179,-183,-197,-207,-204,
-204,-204,-202,-194,-212,-266,-247,-241,-186,-171,-166,-179,-194,-325,-316,
-455,-443,-836,-791,-5005,-4929]} 1. Nf3 d5 2. c4 d4 3. b4 c5 4. e3 Nf6 5. b5 {
[#]} Qc7 $146 ({Predecessor:} 5... Nbd7 6. exd4 cxd4 7. Nxd4 Nc5 8. Bb2 e5 9.
Nc2 Bg4 10. f3 Bf5 11. Ne3 Nd3+ 12. Bxd3 Bxd3 {1/2-1/2 (30) Brodda,W (2587)
-Bescos Anzano,M (2561) GER email 2018}) 6. exd4 {A09: Réti Opening: 1 Nf3 d5
2 c4.} cxd4 7. d3 (7. Qe2 $11) 7... e5 $15 8. Bg5 {Black is slightly better.}
Bb4+ 9. Nbd2 Nfd7 10. Be2 O-O 11. O-O Nc5 12. Nb3 Nbd7 (12... Na4 {is more
complex.} 13. a3 Bc3 14. Ra2 f6 15. Bc1 Ba5) 13. Rb1 {White wants to play
Nbxd4.} Nxb3 14. axb3 a6 15. Ra1 Nc5 16. Bh4 (16. Bd2 $17 Bxd2 17. Nxd2) 16...
f6 $19 17. Bg3 Qb6 18. bxa6 Rxa6 19. Rxa6 Qxa6 20. Ne1 Qa2 (20... Qb6 $17 21.
Nc2 Bc3) 21. Nc2 (21. f4 $15) 21... Bc3 $17 22. b4 Na4 ({Black should play} 
22... Nb3 {Hoping for ...Nd2.} 23. Qb1 Qa4) 23. Qb1 $2 {This costs White the
game.} (23. Bf3 $17) 23... Qxb1 $19 24. Rxb1 Bf5 25. f3 Nb2 26. Be1 Nxd3 ({
Resist} 26... Bxd3 27. Rxb2 Bxe2 28. Bxc3 $17) 27. Bxc3 {Strongly threatening
Bd2.} Nf4 28. Bd1 (28. Bf1 {was necessary.} Bxc2 29. Rc1) 28... dxc3 29. g3
Nh3+ 30. Kf1 Rd8 $1 {[%cal Rd8d2]} 31. Rc1 {[#]} Rxd1+ $1 {[%mdl 576] Remove
Defender, Deflection} 32. Rxd1 {And now Ne1 would win.} Bxc2 33. Rc1 Bd3+ 34.
Kg2 Ng5 {Threatens to win with ...c2.} ({Not} 34... Bxc4 35. Kxh3 b5 36. Rxc3
$16) 35. Rxc3 {[#]} Be2 36. f4 Ne4 37. Rc1 ({Of course not} 37. Re3 Bxc4 38.
fxe5 {[#]} Kf7 $1) 37... Kf7 38. fxe5 fxe5 39. Kg1 Ke6 40. Re1 Bd3 41. Re3 Bb1
42. Re1 Nc3 43. Kf2 (43. Re3 $142 Nd1 44. Re1) 43... Bd3 44. c5 (44. Ra1 {
was called for.} Bxc4 45. Rc1 Ne4+ 46. Ke3) 44... Nd5 {Black is clearly
winning.} 45. Rd1 (45. b5 $142 Bxb5 46. Ra1) 45... e4 46. Rd2 e3+ {[%mdl 64]
Double Attack.  Weighted Error Value: White=0.52/Black=0.13} 0-1

[Event "Goldmoney Asian Rapid Prelims 2021"]
[Site "Chess24"]
[Date "2021.06.24"]
[Round "1.2"]
[White "Ding, Liren"]
[Black "Artemiev, Vladislav"]
[Result "1-0"]
[WhiteElo "2799"]
[BlackElo "2704"]
[Annotator "TA"]
[PlyCount "79"]
[EventDate "2021.06.26"]
[EventType "tourn"]
[EventCountry "NET"]
[Tiebreak "Koya+Number of black wins+Number of wins"]
[SourceTitle "playchess.com"]
[Source "ChessBase"]
[SourceQuality "1"]

{[%evp 9,79,40,37,35,30,31,34,30,32,23,24,33,47,39,53,52,53,56,62,60,60,62,65,
53,83,81,81,81,84,77,111,110,112,106,197,203,215,221,320,320,312,316,392,392,
589,587,595,481,592,595,589,581,581,581,655,549,800,800,1496,1420,1541,1437,
29981,29982,29982,29983,29983,29984,29984,29985,29985,29986]} 1. d4 d5 2. c4 e6
3. Nf3 Nf6 4. g3 h6 5. Bg2 Bd6 6. O-O {E01: Catalan: Early deviations.} O-O 7.
b3 $5 {[%mdl 4] [#] A promising side line.} b6 $146 ({Predecessor:} 7... c6 8.
Re1 Nbd7 9. Bb2 Ne4 10. Nbd2 Ndf6 11. Ne5 Bb4 12. Nxe4 Nxe4 13. Rf1 Nd2 {
1-0 (46) Dias,J (1844)-Da Silva,J (1830) Pocos de Caldas 2018}) 8. Nc3 {
White is slightly better.} Bb7 9. Bb2 Nbd7 10. Rc1 c5 11. cxd5 Nxd5 12. Nxd5
Bxd5 13. dxc5 Bxc5 14. b4 Be7 15. Nd4 {Black must now prevent Nc6.} Bxg2 ({Not
} 15... Bxb4 $2 16. Bxd5 exd5 17. Nc6 $18) 16. Kxg2 Bf6 {[#]} 17. Nc6 $1 {
White now steadily converts the win.} Qe8 {[#]} 18. Bxf6 Nxf6 19. Qd6 $36 {
[%mdl 2048] White is in control.} Kh7 20. Rfd1 Ne4 21. Qe5 f5 (21... Nf6 $16)
22. Nd4 $18 Rf6 {[#]} 23. Rc7 $1 {And now f3 would win.} Rc8 {[#]} (23... Kh8
$142 24. f3 Ng5) 24. Nxe6 $1 {[%mdl 512]} Rxc7 {[#]} 25. Ng5+ $1 {[%mdl 576]
Discovered Attack} Nxg5 (25... hxg5 26. Qxe8) 26. Qxe8 Rc2 (26... Re6 {was
called for.} 27. Qb5 Rf6) 27. Rd8 Ne6 28. Qg8+ Kg6 29. Re8 Rxe2 {and the idea .
..f4 leaves Black hopeful.} 30. Kf1 Re5 31. Re7 a6 32. h3 h5 33. h4 f4 34. gxf4
Re4 35. Qe8+ Kf5 36. Qxh5+ {White mates.} Kxf4 {[#]} 37. Rxg7 $3 {[%mdl 512]}
Rf5 38. Rg4+ Ke5 39. Qh8+ Kd5 40. Qa8+ {[%mdl 64] Double Attack.  Weighted
Error Value: White=0.03/Black=0.42} 1-0

[Event "Goldmoney Asian Rapid Prelims 2021"]
[Site "Chess24"]
[Date "2021.06.24"]
[Round "1.3"]
[White "Gukesh D"]
[Black "Dubov, Daniil"]
[Result "0-1"]
[WhiteElo "2578"]
[BlackElo "2714"]
[Annotator "TA"]
[PlyCount "108"]
[EventDate "2021.06.26"]
[EventType "tourn"]
[EventCountry "NET"]
[Tiebreak "Koya+Number of black wins+Number of wins"]
[SourceTitle "playchess.com"]
[Source "ChessBase"]
[SourceQuality "1"]

{[%evp 9,108,45,60,46,68,47,53,47,48,39,44,55,53,63,88,93,100,73,80,73,103,72,
53,18,12,-33,-22,-25,-21,-23,-21,-22,-19,-21,0,0,95,87,188,191,174,185,181,175,
160,126,173,110,170,79,97,37,43,-56,0,0,0,0,0,0,0,0,0,0,0,0,0,-23,-21,-29,-27,
-50,-30,-87,-84,-101,-43,-56,-45,-44,-37,-49,-51,-56,-57,-65,-62,-264,-280,
-291,-277,-353,-359,-612,-550,-519,-441,-588,-566,-624,-594]} 1. d4 e6 2. c4 c5
3. d5 exd5 4. cxd5 d6 5. e4 g6 6. Nf3 {A43: Schmid Benoni.} a6 $5 {[%mdl 4] An
interesting side line.} 7. Bd3 Bg7 8. O-O {[#] White is slightly better.} Bg4
$146 ({Predecessor:} 8... Ne7 9. h3 O-O 10. Re1 Nd7 11. a4 f5 12. Nbd2 h6 13.
Ra3 Nf6 14. e5 dxe5 15. Nxe5 {1-0 (21) Jankovic,A (2477)-Zelcic,R (2514)
Cannes 2005}) 9. Nbd2 Nd7 10. h3 Bxf3 11. Nxf3 Ne5 12. Nxe5 Bxe5 13. Be3 b5 14.
a4 c4 15. Be2 Nf6 16. f4 Bxb2 17. Bd4 c3 (17... Bxa1 18. Qxa1 O-O 19. Bxf6 $18)
18. axb5 Bxa1 19. Qxa1 {[%mdl 64] Double Attack} O-O 20. Bf3 axb5 21. Qxc3 Nd7
22. e5 {White wants to play e6.} Qa5 (22... Ra4 $11 {keeps the balance.}) 23.
Qc6 $1 $16 {[%cal Rc6d7]} dxe5 (23... Nc5 $16 24. exd6 (24. Qxd6 Nb3 $15) 24...
Nb3) 24. fxe5 $18 Qa4 25. Rd1 Rad8 26. e6 fxe6 27. Qxe6+ Rf7 28. d6 (28. Bg4
$18) 28... Qc2 (28... Kf8 $16 {is a better defense.}) 29. Re1 (29. Bg4 $1 $18 {
has better winning chances.} Rdf8 30. Qd5) 29... Qf5 {[#]} 30. Qa2 (30. Qb3 $1
$16 Nf6 31. Re7) 30... Qf4 $14 31. Bf2 ({White should try} 31. Rd1 $14) 31...
Kg7 ({Much worse is} 31... Qxd6 32. Bd5 $11) (31... Nf6 $1 $15) 32. Bd5 Qxf2+
33. Qxf2 Rxf2 34. Kxf2 $11 {[%mdl 4096] Endgame KRB-KRN} Nc5 {White must now
prevent ...Nd3+.} 35. Re7+ Kf6 36. Rc7 Nd3+ 37. Ke3 Rxd6 38. Bb3 Ne5 39. Ke4
Nd7 40. Bd5 b4 41. Rc1 (41. h4 $11) 41... Kg5 $17 {...Nf6+ is the strong
threat.} 42. Bb3 Rd2 (42... Kh4 $17 43. Rc8 Kg3) 43. g3 $1 $15 Nf6+ 44. Ke3 Rb2
45. Be6 Nh5 46. g4 Ng3 {And now ...Re2+ would win.} 47. Kf3 Ne2 48. Rc5+ (48.
Rd1 $1 $15) 48... Kh4 $19 {Strongly threatening ...Nd4+.} 49. Ke3 {[#]} Ng1 $1
{aiming for ...Re2+.} ({Weaker is} 49... Kxh3 50. g5+ Kh2 51. Bg8 $15) 50. Kd3
Nxh3 {Hoping for ...Nf4+.} 51. Bg8 $2 (51. Rc4) 51... h6 {Black is clearly
winning.} 52. Ke3 Nf2 53. Be6 Nxg4+ 54. Kd3 h5 {Quite a comeback for Black. 
Weighted Error Value: White=0.31/Black=0.15} 0-1

[Event "Goldmoney Asian Rapid Prelims 2021"]
[Site "Chess24"]
[Date "2021.06.24"]
[Round "1.4"]
[White "Erigaisi Arjun"]
[Black "Duda, Jan-Krzysztof"]
[Result "1/2-1/2"]
[WhiteElo "2567"]
[BlackElo "2729"]
[Annotator "TA"]
[PlyCount "66"]
[EventDate "2021.06.26"]
[EventType "tourn"]
[EventCountry "NET"]
[Tiebreak "Koya+Number of black wins+Number of wins"]
[SourceTitle "playchess.com"]
[Source "ChessBase"]
[SourceQuality "1"]

{[%evp 13,66,8,20,15,18,11,21,0,0,0,0,0,11,-8,13,0,23,11,28,29,25,29,25,3,16,
18,20,20,21,15,15,15,14,12,22,5,5,7,23,18,20,17,31,4,10,10,20,10,4,0,0,0,0,0,0]
} 1. d4 Nf6 2. c4 e6 3. g3 Bb4+ 4. Nd2 c5 5. a3 Bxd2+ 6. Qxd2 cxd4 7. Nf3 b6 {
7...d5 is more fashionable.} 8. b4 {E00: Catalan Bogo-Indian (3 g3 Bb4+).} Bb7
9. Qxd4 Nc6 {[%cal Bb8c6,Bc6e7,Be7f5][%mdl 32]} 10. Qc3 Rc8 11. Bg2 d5 12. O-O
O-O {[#]} 13. Bb2 $146 ({Predecessor:} 13. cxd5 Nxd5 14. Qb2 Nce7 15. Bd2 b5
16. Nd4 Qd7 17. Nb3 Nb6 18. Nc5 Rxc5 19. bxc5 Bxg2 {1-0 (109) Ilincic,Z (2520)
-Szabo,K (2371) Budapest 2004}) 13... Ne7 14. Ne5 Nf5 15. Qe1 Nd6 16. Rc1 dxc4
17. Bxb7 Nxb7 18. Rxc4 {[#] Threatens to win with Nc6.} Rxc4 19. Nxc4 Ne4 20.
f3 Ned6 21. Qc3 {[%csl Gb2][%cal Rc3g7]} f6 22. Rd1 {[#] aiming for Nxd6.} Qe7
{Strongly threatening ...Rc8.} 23. Nxd6 Nxd6 24. Qc6 Rd8 25. a4 Nf7 26. Rxd8+
Nxd8 27. Qc4 Kf7 28. a5 bxa5 {The position is equal.} 29. bxa5 Qb7 30. Bd4 Nc6
31. a6 Qb4 32. Qxb4 Nxb4 33. Bxa7 Nxa6 {A rather calm draw.  Weighted Error
Value: White=0.05/Black=0.05} 1/2-1/2

[Event "Goldmoney Asian Rapid Prelims 2021"]
[Site "Chess24"]
[Date "2021.06.24"]
[Round "1.5"]
[White "Vidit, Santosh Gujrathi"]
[Black "Giri, Anish"]
[Result "1/2-1/2"]
[WhiteElo "2726"]
[BlackElo "2780"]
[Annotator "TA"]
[PlyCount "150"]
[EventDate "2021.06.26"]
[EventType "tourn"]
[EventCountry "NET"]
[Tiebreak "Koya+Number of black wins+Number of wins"]
[SourceTitle "playchess.com"]
[Source "ChessBase"]
[SourceQuality "1"]

{[%evp 15,150,9,15,13,51,50,47,51,52,36,37,45,54,13,18,20,27,27,41,34,44,10,63,
62,60,57,54,61,79,75,83,56,75,75,74,63,70,47,62,0,0,0,0,0,0,0,0,-15,-15,-18,-6,
-21,0,0,0,0,0,0,93,99,83,89,83,90,129,129,128,91,128,128,134,143,360,329,373,
373,373,370,352,344,453,439,441,452,422,412,802,711,1333,1404,12796,12798,
12802,12800,11412,7606,11412,10606,5595,4627,5083,5083,5072,5064,4950,4609,
29981,29982,29982,29948,12796,0,0,0,16,0,0,0,0,0,0,0,0,0,0,0,0,0,0,0,0,0,0,0,0,
0,0]} 1. d4 d5 2. c4 c6 3. Nc3 Nf6 4. e3 e6 5. Nf3 Nbd7 6. Qc2 Bd6 7. b3 O-O 8.
Be2 e5 9. cxd5 {[#] D45: Semi-Slav: 5 e3.} e4 $146 ({Predecessor:} 9... cxd5
10. Nb5 Bb4+ 11. Bd2 Bxd2+ 12. Nxd2 a6 13. dxe5 Nxe5 14. Nd4 Bg4 15. Bxg4 Nfxg4
16. O-O Rc8 17. Qf5 g6 18. Qf4 Qe7 19. N2f3 Nxf3+ 20. Qxf3 Nf6 {1/2-1/2 (39)
Mamedyarov,S (2770)-Carlsen,M (2847) chess24.com INT 2021}) 10. Nxe4 Nxe4 11.
Qxe4 {White is slightly better.} Nf6 12. Qc2 cxd5 13. O-O Ne4 14. Nd2 Bf5 {
Threatens to win with ...Bxh2+!} 15. Nxe4 Bxe4 16. Qd1 Rc8 17. Bf3 Qc7 18. g3
Qc2 (18... Qe7 $11) 19. Qxc2 $14 Rxc2 20. Bd1 {Strongly threatening f3.} Rc6
21. a3 Rfc8 22. Bd2 f5 23. Re1 a6 24. f3 Bd3 25. Kf2 g6 26. Ra2 Kg7 27. Ba5 (
27. Be2 $14 Bc2 28. Raa1) 27... Rc1 $11 28. Rd2 (28. a4 {keeps more tension.}
Bb1 29. Rb2 Ba3 30. Rbe2 Bd6 31. Bd2) 28... Bb1 29. Bb4 Bxb4 30. axb4 R1c3 31.
Ke2 Re8 32. Kf2 Bd3 33. Ra2 Rec8 34. Ra5 Bb5 35. Be2 Rc2 36. Kf1 $1 Rb2 (36...
b6 $11 {remains equal.} 37. Raa1 Rxe2 38. Rxe2 Rc2 {[%mdl 64] Pin}) 37. Bxb5
$16 axb5 {[%mdl 4096] Endgame KRR-KRR} 38. Re2 $36 {[%cal Re2b2][%mdl 2048]
White is in control.} ({But not} 38. Rxb5 $6 Rcc2 $11) 38... Rc1+ 39. Kf2 $1
Rcc2 40. Rxc2 Rxc2+ {KR-KR} 41. Kg1 Rc1+ 42. Kg2 Rc2+ {[#]} 43. Kf1 $1 Rc1+ $2
(43... Rxh2 $16 {was called for.} 44. Rxb5 Rb2 45. Rxb7+ Kf6 46. Rb6+ (46. Rxh7
Rxb3 47. Ke2 Rb2+ 48. Kd3 Rxb4 $16) 46... Kf7) 44. Ke2 $18 Rc2+ 45. Kd3 Rb2 46.
Rxb5 {[%mdl 64] Double Attack} Rxb3+ 47. Kd2 Rb2+ 48. Kc3 Rxh2 49. Rxb7+ Kf6
50. b5 {[%cal Bb4b5,Bb5b6,Bb6b7][%mdl 32]} Re2 (50... Ke6 $142 51. b6 Rh1) 51.
b6 Rxe3+ 52. Kb4 Rxf3 53. Rxh7 Rf1 54. b7 Rb1+ 55. Kc5 Kg5 56. Kxd5 Kg4 57. Ke5
Kxg3 58. d5 f4 59. d6 f3 60. Rg7 Kh3 61. d7 f2 62. d8=Q Re1+ {[#]} 63. Kd4 $2 (
63. Kf6 $1 $18 {Rh7+ would kill now.} f1=Q+ 64. Kxg6 Re6+ 65. Kh7 Qb1+ 66. Kg8)
63... Rd1+ $11 {The position is equal.} 64. Ke3 {Intending Qh8+ and mate.}
f1=N+ 65. Kf2 (65. Kf3 {seems wilder.} Nh2+ 66. Ke4 Rxd8 67. Rxg6 Nf1 68. Rd6)
65... Rxd8 66. Kxf1 {KR-KR} Rb8 67. Ke2 g5 68. Kf3 {[%cal Rg7h7]} (68. Kf2 {
is interesting.} Rf8+ 69. Kg1 g4 70. Rh7+ Kg3 71. Rg7) 68... g4+ 69. Kf4 {
Black must now prevent Rh7+.} (69. Kf2 {feels hotter.} Rf8+ 70. Kg1 g3 71. Rd7
Rb8 72. Re7) 69... Rf8+ $1 70. Ke5 g3 71. Kd6 (71. Kd5 {is more complex.} Rd8+
72. Kc6 Rh8 73. Rh7+ Rxh7 74. b8=Q) 71... Rb8 72. Kc7 Rxb7+ 73. Kxb7 g2 74. Kc6
Kh2 75. Rxg2+ Kxg2 {Black defended with fortune.  Weighted Error Value:
White=0.07/Black=0.44} 1/2-1/2

[Event "Goldmoney Asian Rapid Prelims 2021"]
[Site "Chess24"]
[Date "2021.06.24"]
[Round "1.6"]
[White "Firouzja, Alireza"]
[Black "Carlsen, Magnus"]
[Result "1-0"]
[WhiteElo "2759"]
[BlackElo "2847"]
[Annotator "TA"]
[PlyCount "89"]
[EventDate "2021.06.26"]
[EventType "tourn"]
[EventCountry "NET"]
[Tiebreak "Koya+Number of black wins+Number of wins"]
[SourceTitle "playchess.com"]
[Source "ChessBase"]
[SourceQuality "1"]

{[%evp 11,89,-10,-7,-17,6,0,0,0,0,0,0,0,0,0,0,0,0,0,0,0,0,6,8,0,0,0,0,-8,0,-14,
-19,-21,-16,-31,-25,-16,-18,-51,-33,-33,-39,-116,-121,-118,-107,-155,-164,-243,
-192,-179,-112,-84,-125,-141,-156,-157,-105,-269,-99,-75,203,196,201,181,164,
187,164,53,66,0,231,220,768,653,964,975,29981,29982,29982,29983]} 1. e4 e5 2.
Nc3 Nf6 3. Bc4 Bc5 4. d3 d6 5. f4 Nc6 6. Nf3 a6 7. Bb3 $5 {[%mdl 4] An
interesting side line. C30: King's Gambit Declined.} h6 8. Qe2 Bg4 {[#]} 9.
fxe5 $146 {The position is equal.} ({Predecessor:} 9. Be3 Nd4 10. Qf2 Bxf3 11.
gxf3 Nh5 12. f5 Nf4 13. h4 Nxb3 14. axb3 Bxe3 15. Qg3 {0-1 (25) Detko,R (1618)
-Mazur,S (2040) Brezova pod Bradlom 2006}) 9... dxe5 10. Be3 Nd4 11. Qf2 Bxf3
12. gxf3 Nh5 13. O-O-O Nf4 14. Kb1 Nxb3 15. Bxc5 Nxc5 16. Qxc5 Qd6 17. Qxd6 (
17. Qf2 {is interesting.} O-O-O 18. Ne2 Nxe2 19. Qxe2 g6 20. Rhg1) 17... cxd6
18. d4 O-O-O 19. Rd2 Ne6 20. Ne2 Rhf8 21. d5 Ng5 22. Rd3 Nh3 23. Rc1 f5 24. c4
fxe4 25. fxe4 {[#]} Rf2 $1 26. Nc3 ({White should play} 26. Rxh3 $15 Rxe2 27.
c5) 26... Rxh2 $17 27. c5 Nf4 ({Resist} 27... dxc5 28. Na4 $11) 28. Rdd1 Kb8
29. c6 (29. Na4 {was called for.}) 29... Rc8 $19 30. Na4 Re2 ({Black should try
} 30... Ka7 $1 $19 31. cxb7 Kxb7 32. Rxc8 Kxc8 33. Rc1+ Kd8) 31. Nb6 $17 Rc7 ({
Inferior is} 31... Rxe4 32. Nxc8 Kxc8 33. cxb7+ Kxb7 34. Rc6 $16) 32. Nd7+ Ka7
33. Rc4 h5 (33... Nh3 $142 {Strongly threatening ...Nf2.} 34. Nc5 Nf2) 34. Rg1
$2 (34. a4 $17) 34... g6 $2 (34... h4 $19 {is more deadly.} 35. Rh1 h3) 35. a4
h4 $2 {[%mdl 8192]} (35... Nd3 $17 {keeps the pressure on. Hoping for ...bxc6.}
36. Rxg6 Rxb2+ 37. Ka1 Rd2) 36. b4 $1 $18 {[%cal Bb2b4,Bb4b5][%mdl 32]} b6 37.
b5 a5 {[#]} 38. Nxe5 $1 {[%mdl 512]} h3 {[#]} (38... Nh3 39. Rh1) 39. Rh1 $1
Nxd5 $1 $14 40. Nxg6 (40. exd5 $14 Rxe5 41. Rxh3) 40... Ne3 $2 (40... Rf7 $1
$11 {and Black stays safe.}) 41. Rc3 $18 Ng4 $2 (41... h2 42. Nf4 Rf2) 42. Nf4
Rxe4 {aiming for ...Nf2.} 43. Nd5 Nf2 44. Nxc7 Nxh1 45. Rxh3 {Weighted Error
Value: White=0.14/Black=0.48} 1-0

[Event "Goldmoney Asian Rapid Prelims 2021"]
[Site "Chess24"]
[Date "2021.06.24"]
[Round "1.7"]
[White "Hou, Yifan"]
[Black "Salem, A.R. Saleh"]
[Result "1/2-1/2"]
[WhiteElo "2658"]
[BlackElo "2682"]
[Annotator "TA"]
[PlyCount "71"]
[EventDate "2021.06.26"]
[EventType "tourn"]
[EventCountry "NET"]
[Tiebreak "Koya+Number of black wins+Number of wins"]
[SourceTitle "playchess.com"]
[Source "ChessBase"]
[SourceQuality "1"]

{[%evp 14,71,24,19,20,38,59,38,45,8,13,0,0,-10,-4,-8,6,-6,4,14,5,0,10,0,6,13,
47,17,62,45,74,36,42,18,18,17,18,17,17,22,28,8,48,48,45,20,27,26,24,0,20,0,7,0,
35,0,14,5,3,0]} 1. e4 c6 2. Nc3 d5 3. d4 dxe4 4. Nxe4 Nf6 5. Nxf6+ exf6 6. c3
Bd6 7. Bd3 O-O 8. Qc2 Re8+ {B15: Caro-Kann: 3 Nc3: 3...g6 and 3...dxe4 4 Nxe4
Nf6 5 Nxf6+ exf6.} 9. Ne2 h5 10. Be3 Nd7 {[%cal Bb8d7,Bd7b6,Bb6d5,Bd5f4][%mdl
32] White is slightly better.} 11. Ng3 Nb6 12. O-O-O Nd5 13. Bd2 Nf4 14. Bxf4
Bxf4+ 15. Kb1 Qa5 {[#]} 16. d5 $146 ({Predecessor:} 16. Bh7+ Kf8 17. Bf5 Bxf5
18. Nxf5 g6 19. Nh4 Re6 20. Qb3 Re2 21. Rhf1 Rae8 22. Nf3 {0-1 (89) Abdumalik,
Z (2420)-Lenderman,A (2587) Saint Louis 2017}) 16... h4 17. Nf5 cxd5 ({But not
} 17... Qxd5 $6 {[#]} 18. Ne7+ $1 Rxe7 19. Bh7+ Kh8 20. Rxd5 $16) 18. g3 Bxf5
19. Bxf5 Bh6 20. Rd4 Re5 21. Rhd1 hxg3 22. hxg3 Rae8 23. Bd7 R8e7 24. Bg4 g6
25. Bf3 {[%cal Rf3d5]} Kg7 26. Rxd5 Qb6 27. a4 a5 28. Rd6 Qc5 29. R6d4 b5 30.
axb5 Qxb5 31. Rd5 Qb6 32. Rd6 Qc5 33. R6d5 Qb6 34. Rd6 Qa7 35. R6d4 Qb6 36. Rd6
{Weighted Error Value: White=0.11/Black=0.07} 1/2-1/2

[Event "Goldmoney Asian Rapid Prelims 2021"]
[Site "Chess24"]
[Date "2021.06.24"]
[Round "1.8"]
[White "So, Wesley"]
[Black "Svidler, Peter"]
[Result "1/2-1/2"]
[WhiteElo "2770"]
[BlackElo "2714"]
[Annotator "TA"]
[PlyCount "73"]
[EventDate "2021.06.26"]
[EventType "tourn"]
[EventCountry "NET"]
[Tiebreak "Koya+Number of black wins+Number of wins"]
[SourceTitle "playchess.com"]
[Source "ChessBase"]
[SourceQuality "1"]

{[%evp 9,73,31,34,22,23,18,25,31,33,27,37,37,37,36,38,34,48,-10,-3,0,-2,-13,18,
18,22,15,20,8,11,8,20,18,19,-7,-4,-35,-12,-57,-63,-62,-58,-93,-49,-113,-91,
-125,-123,-125,-115,-127,-116,-128,-119,-179,-168,-223,-99,-218,0,0,0,-195,0,0,
0,-177]} 1. Nf3 d5 2. d4 Nf6 3. c4 c6 4. e3 a6 5. Bd3 Bg4 6. Nbd2 {D11: Slav
Defence: 3 Nf3 sidelines and 3...Nf6 4 e3 Bg4.} e6 7. O-O Be7 8. Qc2 {White
has an edge.} Nbd7 9. b3 Bh5 10. Bb2 Rc8 11. Rac1 O-O 12. Ne5 {[#]} c5 $146 ({
Predecessor:} 12... dxc4 13. Ndxc4 Bg6 14. Nxg6 hxg6 15. Rfd1 Qc7 16. Be2 Qb8
17. Bf3 Rfe8 18. a3 Bd8 {1/2-1/2 (84) Jackelen,T (2454)-Van Delft,M (2385)
Germany 2006}) 13. cxd5 ({White should play} 13. Ndf3 $14) 13... Nxe5 $11 14.
dxe5 Nxd5 15. a3 Bg6 16. Bxg6 hxg6 17. Rfd1 Qc7 18. Ne4 Qc6 19. Nd6 Rc7 20. e4
Nb6 21. a4 Nc8 {[%cal Rc8d6]} 22. Qc3 Rd8 23. Rd3 Bf8 24. Rcd1 Rcd7 {[%cal
Rc8d6]} 25. Nxc8 {And now Rxd7 would win.} Qxc8 (25... Rxd3 {feels hotter.} 26.
Rxd3 Rxc8 27. Re3 c4 28. h3 b5) 26. a5 (26. Qc4 $15) 26... c4 (26... Rxd3 {
seems wilder.} 27. Rxd3 c4 28. bxc4 Bb4 29. Qb3 Rxd3 30. Qxd3 Qc7) 27. bxc4 {
[#]} Bb4 $40 {[%mdl 640] Black has strong attack.} 28. Qb3 Rxd3 29. Rxd3 Rxd3
30. Qxd3 Qc7 31. h3 (31. Bc3 $17 Bxa5 32. g3) 31... Qxa5 $19 32. Qd7 (32. Kf1
$142) 32... Qa2 (32... Bf8 $19 {Strongly threatening ...Qe1+.} 33. Qxb7 Qe1+
34. Kh2 Qxf2) 33. Qd8+ (33. Bc3 $17) 33... Kh7 34. Qh4+ Kg8 35. Qd8+ Kh7 36.
Qh4+ Kg8 37. Qd8+ {Weighted Error Value: White=0.22/Black=0.23} 1/2-1/2

[Event "Goldmoney Asian Rapid Prelims 2021"]
[Site "Chess24"]
[Date "2021.06.24"]
[Round "2.1"]
[White "Aronian, Levon"]
[Black "Svidler, Peter"]
[Result "1/2-1/2"]
[WhiteElo "2781"]
[BlackElo "2714"]
[Annotator "TA"]
[PlyCount "76"]
[EventDate "2021.06.26"]
[EventType "tourn"]
[EventCountry "NET"]
[Tiebreak "Koya+Number of black wins+Number of wins"]
[SourceTitle "playchess.com"]
[Source "ChessBase"]
[SourceQuality "1"]

{[%evp 9,76,9,2,-13,28,-4,13,16,21,0,0,-16,0,0,36,33,35,36,37,0,0,0,11,0,3,0,0,
0,29,35,39,34,56,56,56,52,56,31,43,29,37,25,33,8,22,19,22,22,16,8,8,8,10,0,0,0,
0,0,0,0,0,0,0,0,0,0,0,0,0]} 1. Nf3 c5 2. c3 Nf6 3. d4 e6 4. Bf4 Nc6 5. e3 Nh5
6. Bg5 {A46: 1 d4 Nf6 2 Nf3 e6: Torre, London and Colle Systems.} Be7 {[#]} 7.
h4 $146 ({Predecessor:} 7. Bxe7 Qxe7 8. Bd3 d6 9. O-O g6 10. Nbd2 O-O 11. Re1
e5 12. dxe5 dxe5 13. Qc2 {1/2-1/2 (47) Nielsen,P (2639)-Carlstedt,J (2413)
Germany 2018}) 7... h6 8. Bxe7 Qxe7 9. g4 Nf6 10. Rg1 d5 11. Nbd2 e5 12. Nxe5
Nxe5 13. dxe5 Qxe5 14. Qa4+ Bd7 15. Bb5 a6 16. Bxd7+ Nxd7 17. O-O-O O-O-O 18.
g5 g6 19. Nf3 Qf5 20. Qg4 {Black must now prevent Qxf5.} Qxg4 21. Rxg4 hxg5 22.
hxg5 f5 23. gxf6 Nxf6 24. Rg2 Rh5 25. Rdg1 Ne4 26. Ng5 Nxg5 {The position is
equal.} 27. Rxg5 $11 {[%mdl 4096] Endgame KRR-KRR} Rf8 28. f4 d4 29. Rxh5 gxh5
{KR-KR} 30. Kd2 h4 31. Rh1 dxe3+ 32. Kxe3 Rh8 33. Kf3 Kd7 34. Kg4 Rg8+ 35. Kf5
Rf8+ 36. Kg4 Rg8+ 37. Kf5 Rf8+ 38. Kg4 Rg8+ {Weighted Error Value: White=0.08/
Black=0.06} 1/2-1/2